Statistics for White House Rooms - With Map

Click here to take the quiz!

General Stats

  • This quiz has been taken 26 times
  • The average score is 5 of 12

Answers on the Map

Answers color-coded by a green-red scale on the quiz's map according to % correct below.
 

Answer Stats

Answer% Correct
Blue Room
82%
Red Room
77%
East Room
73%
Green Room
68%
State Dining Room
32%
Entrance Hall
27%
Family Dining Room
27%
Ushers
27%
Cross Hall
23%
North Portico
23%
South Portico
23%
Pantry
18%

Score Distribution

Percentile by Number Answered

Percent of People with Each Score

Your Score History

You have not taken this quiz